ច្បាប់ផ្សេងៗ / (Record no. 3620)

MARC details
000 -LEADER
fixed length control field 02250nam a22002417a 4500
001 - CONTROL NUMBER
control field 3620
003 - CONTROL NUMBER IDENTIFIER
control field FISKH
005 - DATE AND TIME OF LATEST TRANSACTION
control field 20240329141416.0
008 - FIXED-LENGTH DATA ELEMENTS--GENERAL INFORMATION
fixed length control field 240328b cb ||||| |||| 00| 0 eng d
040 ## - CATALOGING SOURCE
Original cataloging agency FISKH
Language of cataloging khr
Transcribing agency FISKH
Modifying agency FISKH
050 ## - LIBRARY OF CONGRESS CALL NUMBER
Classification number PZ7
082 ## - DEWEY DECIMAL CLASSIFICATION NUMBER
Classification number 808.14
100 ## - MAIN ENTRY--PERSONAL NAME
Personal name Nat, Choun
245 ## - TITLE STATEMENT
Title ច្បាប់ផ្សេងៗ /
Statement of responsibility, etc. ចម្លងចេញអំពីសាស្ត្រាស្លឹករឹត
260 ## - PUBLICATION, DISTRIBUTION, ETC.
Place of publication, distribution, etc. ភ្នំពេញ :
Name of publisher, distributor, etc. ការផ្សាយរបស់ សមាគម សម្ដេច ជួន ណាត​,
Date of publication, distribution, etc. 1974.
300 ## - PHYSICAL DESCRIPTION
Extent 118 pages :
Dimensions 21 cm
520 ## - SUMMARY, ETC.
Summary, etc. លើកឡើងអំពីប្រភពនៃការសៅហ្មងទាំង ៣ យ់ាងដែលលោកហៅថាភ្នក់ភ្លើងទាំង ៣ គឺ ១ យករឿងមិនល្អពីក្រៅមកដុតអោយឆេះ សន្ធោរសន្អៅនៅក្នុងផ្ទះ រឺក៏យករឿងខាងក្នុងផ្ទះទៅអុជបង្កាត់អោយឆេះនៅខាងក្រៅ។ ទៅ២ គឺ ការប្រើពាក្យពេចន៍មិនគួរគប្បីចំពោះមាតាបិតា និងការមិនរវល់ញិកញ៉ុកក្នុងការផ្គាប់ចំណីអាហាដល់ឪពុកម្ដាយ និងប្ដី។ ទី៣ មិនត្រូវធ្វើអោយស្វាមីមានការអាក់អន់ស្រពន់ចិត្ត នៅក្នុងការរួមរ័ក្សជាមួយគ្នាឡើយ។
520 ## - SUMMARY, ETC.
Summary, etc. Mention the source of the three defilements that he called the three flames: one takes the bad things from the outside and burns them in the house, or takes the things inside the house to make them burn outside. Two is the use of inappropriate words to parents and give them enough and husbands. Third, do not make your husband dissatisfied with having sex with each other.
650 ## - SUBJECT ADDED ENTRY--TOPICAL TERM
Topical term or geographic name entry element កំណាព្យ
General subdivision ការអប់រំមនុស្ស
650 ## - SUBJECT ADDED ENTRY--TOPICAL TERM
Topical term or geographic name entry element Poem
General subdivision Educated people
942 ## - ADDED ENTRY ELEMENTS (KOHA)
Source of classification or shelving scheme Dewey Decimal Classification
Koha item type Khmer Books
Suppress in OPAC No
Holdings
Withdrawn status Lost status Source of classification or shelving scheme Damaged status Not for loan Collection Home library Current library Shelving location Date acquired Total Checkouts Full call number Barcode Date last seen Copy number Price effective from Koha item type Date last checked out
    Dewey Decimal Classification     Reference Footprints International School Library Network Toul Kork Campus Footprints International School Library Network Toul Kork Campus TK Old Khmer Books (Rear Hallway Shelf 3) 03/28/2024   NAT 808.14 PZ7 FISTK03523 03/28/2024 1 03/28/2024 Khmer Books  
    Dewey Decimal Classification     Reference Footprints International School Library Network Toul Kork Campus Footprints International School Library Network Toul Kork Campus TK Old Khmer Books (Rear Hallway Shelf 3) 03/28/2024 1 NAT 808.14 PZ7 FISTK03522 04/01/2026 2 03/28/2024 Khmer Books 03/02/2026
    Dewey Decimal Classification     Reference Footprints International School Library Network Toul Tom Poung Campus Footprints International School Library Network Toul Tom Poung Campus TTP Secondary Khmer Bookshelves 03/28/2024   NAT 808.14 PZ7 FIS03873 09/20/2024 3 03/28/2024 Khmer Books  
    Dewey Decimal Classification     Reference Footprints International School Library Network Toul Tom Poung Campus Footprints International School Library Network Toul Tom Poung Campus TTP Secondary Khmer Bookshelves 03/28/2024   NAT 808.14 PZ7 FIS03905 03/10/2025 4 03/28/2024 Khmer Books